| 000 | 01386nam a2200433 c 4500 | ||
|---|---|---|---|
| 001 | 3843 | ||
| 003 | ES-MaCES | ||
| 005 | 20150925135623.0 | ||
| 008 | 960201s1996 sp ||| | spa d | ||
| 017 |
_aM. 39.998-1995 _bDL |
||
| 020 | _a8474348951 | ||
| 024 | 7 |
_a201-95-026-5 _2nipo |
|
| 035 | _aCES19980038719m | ||
| 040 |
_aES-MaCES _bspa _cES-MaCES |
||
| 245 | 0 | 4 |
_aLas relaciones laborales en el Cono Sur _b: estudio comparado : informe RELASUR |
| 260 |
_aMadrid _bCentro de Publicaciones, Ministerio de Trabajo y Seguridad Social _cD.L. 1995 |
||
| 300 |
_a172 _c22 cm |
||
| 490 | 1 |
_aColección Informes OIT _v44 |
|
| 504 | _aBibliografía | ||
| 541 | _cGratuito | ||
| 650 | 4 |
_anegociación colectiva _928362 |
|
| 650 | 4 |
_acondiciones de trabajo _928327 |
|
| 650 | 4 |
_aArgentina _926852 |
|
| 650 | 4 |
_aBrasil _926857 |
|
| 650 | 4 |
_aChile _926864 |
|
| 650 | 4 |
_aParaguay _926891 |
|
| 650 | 4 |
_aUruguay _926903 |
|
| 650 | 4 |
_aAmérica Latina _926882 |
|
| 650 | 4 |
_adesarrollo regional _929186 |
|
| 650 | 4 |
_acomparación _928892 |
|
| 650 | 4 |
_ainforme _928986 |
|
| 653 | 1 | 0 | _aRelaciones laborales-Empleo |
| 650 | 4 |
_928369 _arelaciones laborales |
|
| 710 | 1 |
_aEspaña _bMinisterio de Trabajo y Seguridad Social _eed. _93276 |
|
| 830 | 0 |
_aColección Informes OIT _v44 _932372 |
|
| 902 | _aLIB Libro | ||
| 942 |
_2CES _cBK _h2.0. |
||
| 999 |
_c3843 _d3843 |
||